Verdad y mentiras en la literatura / [por] Stephen Vizinczey ; tr. por Pilar Giraly Gorina

Guardado en:
Bibliografiske detaljer
Hovedforfatter: Vizinczey, Stephen (autor)
Format: Bog
Serier:El Espejo de Tinta
Fag:
Tags: Tilføj Tag
Ingen Tags, Vær først til at tagge denne postø!

MARC

LEADER 00000nam^a2200000^u^4500
001 000544180
005 20250521000000.0
008 060220s1000^^^^^^^^^^^^r^^^^^000^0^spa^d
009 20260310131322.665
022 |a 9789700503585 
035 |a FMI 000013281 
037 |a Acervo Xavier Clavigero 
096 |a 9.1/110/B 
100 |a Vizinczey, Stephen  |e (autor) 
245 1 0 |a Verdad y mentiras en la literatura / [por] Stephen Vizinczey ; tr. por Pilar Giraly Gorina 
264 |a México : Grijalbo, 1992 
300 |a 315 p. 
336 |a texto  |b txt  |2 rdacontenido 
337 |a sin mediación  |b n  |2 rdamedio 
338 |a volumen  |b nc  |2 rdasoporte 
440 3 |a El Espejo de Tinta 
597 |a Trad. del inglés ("Truth and lies in literature"). 
649 |a XX 
650 |a LITERATURA 
910 |a Fondo Francisco Migoya Covarrubias S.J. 
920 |a Impresos - Libros 
930 |a Fondos Especiales 
905 |a 134 
901 |a SBC17263  |b IT2  |c ESP  |u 20250521 
902 |a https://opac.biblio.iteso.mx/vufind/Record/000544180